| 000 | 00899nam a22002897a 4500 | ||
|---|---|---|---|
| 003 | CHAP | ||
| 005 | 20220329134421.0 | ||
| 008 | 971013s1960 r 00010 d | ||
| 010 | _a20212 | ||
| 011 | _a21184 | ||
| 035 | _a25273 | ||
| 040 | _cCHAP | ||
| 090 | _aFolleto 2334 | ||
| 100 | 0 | 0 |
_aDi Franco, Joseph. _932376 |
| 245 | _aStudy of extension service of El Salvador | ||
| 260 |
_aCosta Rica : _bInstituto Interamericano de Ciencias Agrícolas de la OEA, _c1960 |
||
| 300 |
_a33 h. _b: apénd. |
||
| 590 |
_aBATCH-UPD _b10 _c20130110 _lUCH01 _h2252 |
||
| 590 |
_aBATCH-UPD _b10 _c20130410 _lUCH01 _h1545 |
||
| 590 |
_aBATCH-UPD _b10 _c20130914 _lUCH01 _h1337 |
||
| 590 |
_aCONVERSION _b10 _c20130109 _lUCH01 _h1312 |
||
| 650 | 1 | 4 |
_aExtensión agrícola _xEl Salvador. _939161 |
| 700 | 0 |
_aArce, Antonio M. _96779 |
|
| 901 | _aBK | ||
| 942 | _cFOLL | ||
| 949 |
_bBC _cFOLL _d-58232 _eTS1 _i25273 _mD _si |
||
| 999 |
_c20212 _d20212 |
||